000 00666nam a2200229Ia 4500
001 1713
003 GE_BSU
008 181216s||||||||xx |||||||||||||| ||und||
020 _a97899414253673
040 _cGE_BSU
080 _a929+821.353.1092
100 _aბაქრაძე, აკაკი
245 _aილია ჭავჭავაძე.
245 _cმთ. რედ. ზაზა აბზიანიძე
260 _aთბილისი
260 _bსს საქპრესი
260 _c2011
300 _a168 გვ. 21 სმ.
541 _h10 ლ.
653 _aჭავჭავაძე ილია
942 _cBK
999 _c35824
_d35824